[Event "Match 72__120'/40"]
[Site "Zurich"]
[Date "2022.??.??"]
[Round "21"]
[White "CXG Sphinx Legend"]
[Black "Mephisto MM II"]
[Result "0-1"]
[WhiteElo "1816"]
[BlackElo "1815"]
[Annotator "KUT"]
[PlyCount "131"]
[EventDate "2022.??.??"]

{[%evp 0,131,20,20,52,51,39,38,38,30,30,31,36,-5,-2,-8,-34,-2,-12,-4,44,32,24,16,24,17,17,10,0,7,25,60,49,49,95,-41,-26,-22,-44,-36,9,-87,0,-138,-146,-148,-141,-140,-149,-142,-118,-182,-187,-172,-180,-181,-191,-184,-182,-326,-266,-247,-220,-313,-283,-328,-394,-423,-486,-518,-343,-343,-278,-282,-270,-373,-270,-257,-262,-270,-217,-270,-207,-262,-270,-257,-236,-267,-264,-253,-278,-344,-325,-496,-314,-370,-365,-342,-348,-367,-374,-399,-430,-451,-428,-461,-461,-454,-454,-454,-454,-454,-454,-459,-426,-496,-498,-517,-468,-485,-513,-663,-447,-698,-818,-954,-993,-997,-871,-993,-1018,-2095,-2193,-29967]} 1. e4 c5 {Match 120'/40+60'/20+30' | Bediener: Rolf Bühler | 21. Partie: Schwarz (MM II) gewinnt | Zwischenstand: 12-9 (57,1%) für Mephisto MM II | Aus der Sizilianischen Verteidigung, Pelikan (Lasker/Sveshnikov) Variante, ergibt sich eine hochtaktische Partie. Beide Programme sind damit hoffnungslos überfordert. So ist es nicht verwunderlich, dass Weiss (CXG) einige Male den möglichen Gewinn verpasst, andererseits Schwarz (MM II) mehrmals keine Verteidigung findet. Und ab dem 21. Zug ist es gar Schwarz, der die Führung der Partie vollständig übernimmt und in einem positionell untermauerten Königsangriff dem Gegner den Garaus macht. Auch wenn die Realisierung des materiellen Vorteils über manche Umwege führt, bekommt das ungarische Programm von Gyula Horvath aber niemals mehr eine Chance für Rettung. Eine bittere und erneut unnötige Niederlage der CXG Sphinx Legend. Auf der anderen Seite jedoch ein hübsch anzusehender Sieg des Mephisto MM II.} 2. Nf3 Nc6 3. d4 cxd4 4. Nxd4 Nf6 5. Nc3 e5 6. Nde2 Bc5 7. Ng3 d6 8. Be2 Be6 {***ENDE BUCH***} 9. O-O a6 {***ENDE BUCH***} 10. Bg5 {Will den Sf6 tauschen, um das Zentrumsfeld d5 mit dem Springer zu besetzen. Man hätte jedoch auch sofort 10.Sd5 spielen können, was den Engines noch besser gefällt.} h6 11. Bxf6 Qxf6 12. Nd5 Qd8 (12... Bxd5 $6 13. exd5 Nb8 14. Ne4 $16 {fällt klar zugunsten von Weiss aus.}) 13. Qd2 {Ich hätte 13.c3 bevorzugt, was den gegnerischen Figuren die Felder d4 und b4 verwehrt.} O-O 14. b4 {Weiss geht forsch zu Werk. Nichts sprach auch hier gegen c2-c3.} Bd4 {Ein unnötiger Zwischenzug, der die für Weiss wünschenswerte Antwort 15.c3 geradezu provoziert. Deshalb verdient 14...La7 den Vorzug.} 15. c3 Ba7 16. Rad1 Rb8 $6 {Wahrscheinlich wird nicht einmal der Mephisto MM II dieses sinnlose Turmmanöver begründen können.} (16... Ne7 $5 {ist im Kampf um das Zentrumsfeld d5 interessant:} 17. Nxe7+ Qxe7 18. Nf5 (18. Qxd6 Qxd6 19. Rxd6 Rfc8 $11) 18... Bxf5 19. exf5 Rad8 $11) 17. c4 $2 {Ein positioneller Missgriff, der dem Gegner das Feld d4 freigibt und Schwarz von allen künftigen Sorgen befreit. Nur mit 17.Sf5 scheint Weiss noch auf Vorteil spielen zu können.[#]} Qd7 $2 {Ein entscheidender Fehler, der auf eine taktische Widerlegung trifft. Die für Menschen fast auf der Hand liegende Kombination ist jedoch zu tief für die beiden Kontrahenten. Mein Test unter CB-Emu zeigt Folgendes: Nach 8m12s und Suchtiefe M07 taucht beim Mephisto MM II bei einer Bewertung von -1.11 in der Variante 17...Dd7? erstmal der Gewinnzug 18.Sf6 auf. Jedoch wird 17...Dd7? erst nach 10m15s bei Suchtiefe M07 mit einer Bewertung von -0.55 zugunsten von 17...Lxd5, 18.cxd5 Sd4, 19.a4 b5 verworfen, wobei ganz zu Beginn der Schwenkung zu 17...Lxd5! die noch unsinnige Variante 18.cxd5 Sd4, 19.Lxa6?? bxa6 angezeigt, dann aber schnell verbessert wird.} (17... Bxd5 {ist richtig mit leichtem Vorteil} 18. exd5 (18. cxd5 Nd4 $15) 18... Nd4 19. Bd3 f5 $15) 18. Rc1 $2 {Weiss kann seine Chance nicht erkennen und lässt den Gegner entwischen.} (18. Nf6+ $1 {Dieses "Scheinopfer" würde der Mephisto MM II nach 3m32s spielen mit einer noch nichtssagenden Bewertung von 0.00, was sich nach 4m25s auf +1.00 ändert. Der richtige Durchblick kommt indessen erst nach 10m9s mit der berechneten Zugfolge Sf6 gxf6, Sh5 Le3, Dxe3 und einer Bewertung von +3.22 bei Suchtiefe 07.} gxf6 19. Qxh6 {Droht Sh5 nebst Dg7 Matt.} f5 {erzwungen} 20. Rxd6 $1 {Eine wichtige Pointe: Die Dame soll nach d6 gelenkt und von der 7. Reihe wegelockt werden, wonach Sh5 sofort gewinnt, weil die Verteidigung ...f6 nicht mehr zur Verfügung stünde.} Qe7 (20... Qc7 21. Nh5 f6 22. Rxe6 $18) 21. Nh5 f6 22. Rxe6 Qh7 23. Nxf6+ Rxf6 24. Qxf6 $18 {mit leichtem Gewinn.}) 18... Nd4 $2 {Schwarz ahnt auch hier nichts Böses und sollte nun wieder verlieren.} (18... Bxd5 19. cxd5 Nd4 $11 {ausgeglichen}) 19. Rfe1 $2 {Doch Weiss erkennt auch dieses Mal sein Glück zum Sieg nicht.} (19. Nf6+ $1 {Erobert wenigstens die Dame.} gxf6 20. Nh5 $1 {Die Doppeldrohung Sxf6+ mit Damengewinn oder Dxh6 nebst Matt ist tödlich.} Nxe2+ 21. Kh1 $1 f5 22. Nf6+ Kg7 23. Nxd7 Bxd7 24. Qxe2 $18) 19... Nxe2+ ({Nach} 19... Bxd5 20. cxd5 $15 {steht Schwarz leicht besser.}) 20. Nxe2 $6 {Mit dem Turm sollte Weiss schlagen, denn nun könnte Schwarz in Vorteil kommen.} Rbc8 $6 {Genügt nicht für Vorteil.} (20... f5 $1 $17) 21. Qd3 $2 {Nach diesem Fehler dreht sich das Rad erneut deutlich zugunsten von Schwarz. Ausgleich war mit 21.Sf6+ zu haben.} (21. Nf6+ $1 gxf6 22. Qxh6 f5 {erzwungen} 23. Qg5+ {und nun hat Weiss das Remis durch Dauerschach.}) 21... f5 $1 {Endlich wieder einmal ein sehr guter Zug aus der Küche unserer beiden Kontrahenten. Nun gerät Weiss rasch in totale Schieflage infolge der halboffenen f-Linie mit Druck von Tf8 und La7 seitens Schwarz.} 22. exf5 Bxf5 23. Qd2 Be6 24. Ne3 Qf7 {Erhöht den Druck auf den wunden Punkt f2.} ({Selbst} 24... Bxc4 {ist möglich} 25. Rxc4 Rxc4 26. Nxc4 Bxf2+ 27. Kh1 Bxe1 28. Qxe1 Qf7 29. Nd2 Qxa2 $19) 25. Rf1 (25. f3 {geht wegen der Fesslung des Se3 nicht und verliert nach} Bxc4 $19 {usw.}) 25... Bxc4 $1 {Aber auch hier funktioniert dieser starke Zug.} 26. a3 (26. Nxc4 {oder 26.Txc4? Lxe3 -+} Rxc4 27. Rxc4 Bxf2+ 28. Kh1 Qxc4 $19) 26... b5 $19 {Die schwarze Stellung mit Mehrbauer und Läuferpaar ist übermächtig.} 27. Nxc4 Rxc4 28. Nc3 (28. Rxc4 Bxf2+ 29. Kh1 Qxc4 $19) 28... d5 29. Qb2 Rf4 30. Nd1 d4 31. Qc2 e4 32. g3 d3 33. Qd2 Rf3 {Welches Bild: Weiss ist vollständig eingeschnürt.} 34. Kg2 e3 {Schwarz kann schon fast nach Belieben gewinnen.} (34... Rxg3+ 35. hxg3 Qf3+ 36. Kh2 Rf5 37. Qa2+ Kh7 38. Qe6 Rh5+ 39. Qh3 Rxh3+ 40. Kxh3 Bd4 $19) 35. Qxd3 exf2 (35... Qb7 $19 {ist wesentlich stärker}) 36. Qe4 Rxa3 {Schwarz hat nun zwei gesunde Bauern mehr und bringt den vollen Punkt nach Hause, zwar nicht immer auf dem schnellsten Weg, aber doch ohne dem Gegner reale Rettungschancen einzuräumen.} 37. Rc2 Ra1 38. Rd2 Kh8 39. Rd6 Ra2 40. Nc3 Ra3 41. Nd1 Ra4 42. Nc3 Re8 43. Qc6 Rxb4 44. Rd7 Re7 45. Rd8+ Kh7 46. Qc8 Qc4 47. Rh8+ Kg6 48. Qxc4 Rxc4 49. Nd5 Re1 50. Nf4+ Kf7 51. Ra8 Bd4 52. Rxf2 Bxf2 53. Kxf2 Ra1 54. Ra7+ Kf6 55. Nh5+ Kg6 56. Nf4+ Kh7 57. h4 Ra2+ 58. Kf3 Rc3+ 59. Kg4 Ra4 60. Rf7 h5+ 61. Kg5 Rxg3+ 62. Kf5 Rf3 63. Ke5 a5 64. Rf8 Rfxf4 $1 {Wickelt in ein leicht gewonnenes Bauernendspiel ab. Das hätte ich dem Mephisto MM II nicht zugetraut.} 65. Rxf4 Rxf4 66. Kxf4 {***AUFGEGEBEN***} 0-1

[Event "Match 72__120'/40"]
[Site "Zurich"]
[Date "2022.??.??"]
[Round "22"]
[White "Mephisto MM II"]
[Black "CXG Sphinx Legend"]
[Result "1/2-1/2"]
[WhiteElo "1815"]
[BlackElo "1816"]
[Annotator "KUT"]
[PlyCount "85"]
[EventDate "2022.??.??"]

{[%evp 0,85,19,31,23,-7,-6,6,11,-3,21,16,1,24,16,13,15,8,31,40,57,32,35,27,24,23,23,19,21,-4,-4,-5,-5,-24,-24,-24,-22,-37,-37,-40,-36,-56,-52,-81,-62,-61,-64,-78,-54,-60,0,0,1,-5,-1,-26,-34,-43,-20,-19,-1,-10,-19,-10,-6,-26,4,-43,-5,0,16,-37,0,-6,6,-23,-28,-31,-20,-60,-27,-57,-60,-63,-28,-63,-63,-62]} 1. d4 d5 {Match 120'/40+60'/20+30' | Bediener: Rolf Bühler | 22. Partie: remis | Zwischenstand: 12,5-9,5 (56,8%) für Mephisto MM II | Aus der Abtausch-Variante des Damengambits entwickelt sich eine sehr ruhige Partie ohne ins Gewicht fallende Fehler. Dabei spielt sich der Kampf grösstenteils am Damenflügel und auf der c-Linie ab. Ein gerechtes Remis ist das Resultat.} 2. c4 e6 3. Nf3 Nf6 4. Bg5 {***ENDE BUCH***} Be7 5. cxd5 exd5 6. Nc3 O-O 7. e3 h6 8. Bh4 c6 {***ENDE BUCH***} 9. Bd3 Qb6 10. Qb1 (10. Qc2 {macht einen natürlicheren Eindruck.}) 10... Bg4 {Sofort 10...Le6 verdient den Vorzug, weil der Läufer nach der folgenden Antwort wieder zurückmuss.} 11. Ne5 {Droht, durch Lxf6 Lxf6, Sxg4 eine Figur zu erobern.} Be6 12. O-O Nbd7 13. Nxd7 {Die starke Position seines Se5 hätte Weiss nicht aufgeben sollen.} (13. f4 Rae8 14. Qe1 Nxe5 15. fxe5 Nd7 16. Bxe7 Rxe7 $14 {und Weiss steht leicht besser.}) 13... Bxd7 14. Bxf6 {Natürlich kein guter Tausch, der dem Gegner das Läuferpaar beschert. Aber es ist offensichtlich und konnte schon in einigen Partien beobachtet werden, dass der Mephisto MM II die Läufer nicht bevorzugt.} Bxf6 15. Bh7+ Kh8 16. Bc2 {Hier steht der Läufer ungünstiger als wie vormals auf d3.} Rfe8 17. Na4 Qc7 18. Nc5 Bc8 19. Qd1 b6 20. Qd3 {Mit Mattdrohung auf h7.} g6 21. Nb3 a5 22. Rfc1 {Jetzt erkennt man die wenig vorteilhafte Aufstellung der weissen Figuren: Die Dame verstellt dem Läufer den besten Platz, der Läufer auf c2 verstellt die halboffene Linie für den weissen Turm. Kurzum: Schwarz steht bereits klar besser.} Qd6 {Stärker ist 22...c5 , um die unglückliche weisse Stellung seiner Figuren auszunützen.} 23. Nd2 Bf5 {Noch immer verdient 23...c5 den Vorzug.} 24. Qc3 Bxc2 {Diese unbedachte Tausch bringt die weisse Stellung auf einen Schlag in Ordnung. Von schwarzem Vorteil kann nun keine Rede mehr sein.} 25. Rxc2 Rac8 26. Qb3 c5 27. dxc5 (27. Rac1 $11 {ist eine gute, bzw. bessere Alternative.}) 27... Rxc5 {Die beste Antwort.} 28. Rd1 {Kein Fehler, aber eher hätte man diesen Turm auf c1 erwartet.} Rxc2 29. Qxc2 Qe6 30. Nf3 (30. Rc1 $6 {trifft nun auf die starke Antwort} d4 $1 $17) 30... Rc8 31. Qd2 Qe4 32. Ne1 ({Natürlich nicht} 32. Qxd5 $4 Qxd5 33. Rxd5 Rc1+ 34. Rd1 Rxd1+ 35. Ne1 Rxe1#) 32... Rd8 33. b3 Kg7 34. Nf3 Rd7 35. Qe2 Rd8 36. Qb5 Qc2 37. Rf1 Qc5 38. Qxc5 bxc5 39. Nd2 Bc3 40. Nb1 Bf6 41. Nd2 Bc3 42. Nb1 Bf6 43. Nd2 {***3x REMIS***} 1/2-1/2

[Event "Match 72__120'/40"]
[Site "Zurich"]
[Date "2022.??.??"]
[Round "23"]
[White "CXG Sphinx Legend"]
[Black "Mephisto MM II"]
[Result "1/2-1/2"]
[WhiteElo "1816"]
[BlackElo "1815"]
[Annotator "KUT"]
[PlyCount "134"]
[EventDate "2022.??.??"]

{[%evp 0,134,28,22,22,31,10,17,14,-1,-3,-3,-7,-12,-6,9,15,12,24,-13,-13,-13,10,10,22,-1,9,-18,-31,-26,-45,-93,-78,-83,-92,-98,-105,-102,-102,-156,-135,-139,-115,-132,-130,-123,-70,-77,-77,-90,-61,-58,-60,-50,-50,-84,-57,-54,-53,-48,-50,-35,-33,-38,-36,-38,-30,-102,-93,-107,-104,-110,-102,-104,-53,-49,-31,-38,-26,-37,-23,-80,-36,-53,-22,-21,2,-8,17,1,11,18,35,30,48,1,0,3,25,15,0,2,8,6,16,15,12,13,24,13,34,40,37,48,77,83,94,41,108,86,86,82,96,79,93,8,11,0,0,0,0,0,0,1,10,14,6]} 1. e4 e5 {Match 120'/40+60'/20+30' | Bediener: Rolf Bühler | 23. Partie: remis | Zwischenstand: 13-10 (56,5%) für Mephisto MM II | Die Schottische Partie verläuft vom Start bis zum Ende ruhig und ohne entscheidende Fehler. Zwar hat der Mephisto MM II einen Bauern mehr, aber in Form eines Doppelbauern. Und für einmal vermag selbst die CXG Sphinx Legend das todlangweilige Endspiel nicht zu verlieren.} 2. Nf3 Nc6 3. Nc3 Nf6 4. d4 exd4 5. Nxd4 Bb4 6. Nxc6 bxc6 7. Bd3 d5 {***ENDE BUCH***} 8. exd5 {***ENDE BUCH***} Qe7+ {Eine weniger übliche Fortsetzung.} 9. Be2 Bxc3+ {Zerstört die weisse Bauernstruktur, was allerdings auf Kosten des Läuferpaars geht.} 10. bxc3 cxd5 {Dazu habe ich null Partien in meinen Datenbanken gefunden. Und auch die Engines wollen den Textzug vermeiden.} (10... Nxd5 {gilt als besser geeignet für den Ausgleich.}) 11. O-O O-O 12. Be3 Rd8 13. Qd3 a5 {Die Absicht ...La6 ist klar.} 14. Rfe1 Ne4 {Auch die Alternative 14...La6 ist gut.} (14... Ba6 15. Qd1 Bxe2 16. Qxe2 $11) 15. c4 $6 {Ungenau, weshalb 15.Lf3 zu bevorzugen war, denn die folgende Antwort ist für Schwarz vorteilhaft.} Ba6 16. Qd1 Nc3 17. Qd4 Nxe2+ 18. Rxe2 Bxc4 {Schwarz hat einen Bauern mehr, der angesichts der ungleichfarbigen Läufer deutlich weniger schlimm ist, als man annehmen dürfte.} 19. Rd2 $6 {Der Turm sollte nach e1 zurück, zumal die d-Linie für diese Figur keine Perspektiven bietet.} Re8 {Nach c8 ist deutlich stärker, um ...c7-c5 vorzubereiten. Eine mögliche Variante:} (19... Rdc8 20. Qg4 c5 21. c3 a4 22. a3 Rc6 $17) 20. a4 Qb4 $6 {Noch immer war mit 20...Tac8 Vorteil zu haben.} 21. c3 Qb3 22. Rdd1 Rab8 23. Qc5 {Ein Luftloch für den weissen König durch 23.h3 zu schaffen, wäre eine gute Idee.} Qxc3 {Das erobert keinen Bauern.} 24. Bd2 Qe5 25. Bxa5 Rec8 $11 {Die Lage hat sich geklärt. Es steht wieder ausgeglichen.} 26. Re1 Qf4 27. Qc6 Qd6 $6 {Einfach zweifelhaft: Lässt den Tausch der Damen und den Erhalt eines Doppelbauern zu. Danach zählt der schwarze Mehrbauer gar nichts mehr.} 28. Qxd6 cxd6 29. Re7 (29. Bc3 Ba6 30. Ra3 $11) 29... Ra8 30. Bc7 Bb5 31. a5 d4 32. Rb1 Bc4 33. Rd1 (33. Bxd6 Rxa5 34. Rc7 Be6 35. Rxc8+ Bxc8 36. f3 f6 37. Rd1 Rd5 38. Bb4 $11 {und man kann die Friedenspfeife rauchen.}) 33... d3 34. g4 Ra7 35. Bd8 Rxe7 36. Bxe7 d5 37. Kg2 d4 (37... f6 38. Bb4 Ba6 39. Bd2 $15) 38. Kf3 Ba6 39. h4 h6 {Logischer sieht 39...f6 aus, was ...Kf7 mit Zentralisierung erlaubt.} 40. Kg3 Rc2 41. Bb4 Ra2 42. Rd2 Ra4 43. Rb2 g5 44. Bd2 gxh4+ 45. Kxh4 Bc4 46. Kg3 Be6 $11 {Am Gleichgewicht in dieser Partie hat sich nichts geändert.} 47. Bxh6 Rxa5 {Wenn nun die CXG Sphinx Legend diese Partie noch verlieren sollte, erfolgt Abbruch des Matches und das Gerät mit dem ungarischen Programm von Gyula Horvath wandert in die Winde.} 48. Rb4 Kh7 49. Bf4 Rd5 50. Rb3 Rd7 51. Rxd3 Bc4 52. Ra3 Kg6 53. Ra4 Be6 54. Ra3 d3 55. Bd2 Rd6 56. f4 Bd7 57. f5+ Kh7 58. Kf4 Bb5 59. g5 Rd4+ 60. Ke5 Rd8 61. Kf6 Kg8 62. g6 fxg6 63. fxg6 Rd6+ 64. Kf5 Bd7+ 65. Ke5 Re6+ 66. Kd5 Rxg6 67. Rxd3 Bc6+ {***REMIS ABGEBROCHEN***} 1/2-1/2

[Event "Match 72__120'/40"]
[Site "Zurich"]
[Date "2022.??.??"]
[Round "24"]
[White "Mephisto MM II"]
[Black "CXG Sphinx Legend"]
[Result "0-1"]
[WhiteElo "1815"]
[BlackElo "1816"]
[Annotator "KUT"]
[PlyCount "105"]
[EventDate "2022.??.??"]

{[%evp 0,105,19,31,14,-14,-11,4,6,-6,9,11,41,34,47,16,5,8,32,38,42,35,30,30,38,21,21,24,44,50,50,50,50,46,52,59,46,54,22,18,35,-15,-9,-19,5,0,0,0,0,0,-8,-17,0,-28,-43,-27,-43,-27,-43,-97,0,0,13,1,10,10,-1,-1,10,1,1,-144,-181,-261,-305,-305,-272,-282,-283,-290,-288,-314,-334,-333,-276,-345,-355,-348,-386,-424,-525,-546,-547,-553,-700,-1077,-1005,-1211,-1404,-1458,-1497,-1458,-2194,-29469,-29978,-29981,-29982,-29983]} 1. d4 Nf6 {Match 120'/40+60'/20+30' | Bediener: Rolf Bühler | 24. Partie: Schwarz (CXG) gewinnt | Zwischenstand: 13-11 (54,2%) für Mephisto MM II | Mit dem klassischen Damengambit wird eröffnet. Durch das seltene 7.Ld3 aus dem Buch, statt 7.Tc1, entsteht dann aber eine Stellung analog dem Charakter im angenommenen Damengambit. Als Weiss nach dem Bauerntausch c4xd4 nicht auf einen Isolani einliess, war die spannende Luft aus der Partie weg. Doch behandelt der Mephisto MM II das Endspiel nicht gut und hätte unter die Räder kommen können. Für die ihm gewährte "Gnade" bedankt sich das Programm von Ulf Rathsman aber später in ausgeglichener Stellung mit einem entscheidenden Fehler, indem die Kraft eines feindlichen Freibauern ausser Acht gelassen wird. Und so kann die CXG Sphinx Legend endlich auch im Endspiel wieder einmal einen Sieg holen.} 2. c4 e6 3. Nc3 d5 4. Bg5 Nbd7 5. e3 {***ENDE BUCH***} Be7 6. Nf3 O-O 7. Bd3 dxc4 8. Bxc4 c5 9. O-O cxd4 {***ENDE BUCH***} 10. Qxd4 {Aktive Spieler greifen hier zu 10.exd4, nehmen den isolierten Bauern in Kauf, erhalten aber einen schönen Vorposten auf e5, und hoffen auf Angriffschancen gegen den schwarzen König.} (10. Nxd4 Nb6 11. Bb3 Nfd7 12. Bxe7 Qxe7 13. Ne4 a5 14. a3 a4 15. Ba2 Nf6 16. Qf3 Nbd7 17. Rac1 Ra5 18. Rfd1 Nxe4 19. Qxe4 Rc5 20. Ne2 b5 21. Rxc5 Qxc5 22. Nc3 Nf6 23. Qd4 Qh5 24. Qb6 Bd7 25. Qc7 Be8 26. Rd8 Ng4 27. h3 Qe5 28. Qb8 Qxb8 29. Rxb8 Ne5 30. Nxb5 Bc6 31. Rb6 Ba8 32. Nc3 Rd8 33. Rb5 Nd3 34. Bb1 Ne1 35. f3 {1-0 (35) Kogan,A (2530)-Dervishi,E (2523) Genova 2002}) 10... h6 11. Bh4 Qb6 12. Qxb6 Nxb6 {Nach dem Tausch der Damen sind die Aussichten für beide Kontrahenten etwa gleich.} 13. Bb3 g5 14. Bg3 Bd7 15. Rac1 Rac8 16. Be5 Rfd8 17. Bd4 Bc6 {Um sich der folgenden Antwort 18.Se5 mit Angriff auf den Lc6 zu entziehen, kam das prophylaktische 17...Le8 durchaus in Frage.} 18. Ne5 Nfd7 19. Nxc6 bxc6 20. Ne4 c5 21. Bc3 c4 22. Bc2 f5 {Schwarz hat nun vorübergehend gar die Initiative ergriffen. Aber Weiss vermag das Gleichgewicht zu wahren.} 23. Ng3 Nc5 24. e4 {Das ist ungünstiger als 24.Se2, s. Variante.} (24. Ne2 Nd5 25. Bd4 Kf7 26. b3 cxb3 27. Bxb3 Nxb3 28. axb3 a5 29. Rxc8 Rxc8 30. Ra1 $11) 24... f4 25. Nh5 $6 {Das ist nun aber bereits zweifelhaft. Der Springer hat auf h5 keine Perspektiven und sollte deshalb nach e2 zurück.} Nd3 26. Rcd1 Kf7 {Nimmt dem Sh5 das Feld f6.} 27. g3 Kg6 28. Ng7 $2 {Dieser Schritt führt schon fast ins Verderben. Stattdessen sollte 28.g4 geschehen.} Kf7 {Es geht noch stärker.} (28... Rc6 {Droht ...Lf8 mit Eroberung des Sg7} 29. g4 Bf6 30. Nh5 Bxc3 31. bxc3 $17 {und Weiss steht grottenschlecht.}) 29. Rd2 $2 {Ein taktischer Fehler, der nicht bestraft wird.} Nb4 $2 {Verpasste Gewinnchance.} (29... Nxb2 $1 30. Rxd8 Rxd8 31. Nh5 (31. Bxb2 Rd2 $19) 31... f3 $19) 30. Rxd8 Rxd8 31. Bd1 $11 {Und futsch ist der ganze schwarze Vorteil.} Bf6 32. Nxe6 Kxe6 33. Bg4+ Kf7 34. Bxb4 Bxb2 $11 {Es steht nun gleich.} 35. Ba5 $2 {Verlustzug: Weiss erkennt nicht die tödliche Kraft des schwarzen Freibauern auf der c-Linie.} (35. Rd1 Rxd1+ 36. Bxd1 $11) 35... c3 36. Bxb6 axb6 37. Bd1 Rxd1 $1 {Hat das der Mephisto MM II übersehen?} 38. Rxd1 c2 39. Re1 c1=Q 40. Rxc1 Bxc1 {Mit einer Leichtfigur mehr gegen einen Bauern hat Schwarz nun leichtes Spiel.} 41. Kg2 Kf6 42. Kh3 Ke5 43. f3 fxg3 44. hxg3 h5 45. Kg2 g4 46. Kf2 gxf3 (46... Bf4 {wäre ein hübsch anzusehender Gewinnzug} 47. gxf4+ Kxf4 48. fxg4 hxg4 $17) 47. Kxf3 b5 48. g4 h4 49. Kg2 Kxe4 50. Kh3 Bg5 51. Kg2 Kf4 52. Kh3 b4 53. Kh2 {***AUFGEGEBEN***} 0-1